"Barátja: Drakula"

Bibliographic Details
Main Author: Benyovszky, Krisztián, 1975- (Author, Interviewer)
Format: Article
Language:Hungarian
PhysicalDescription:Fotogr.
Subjects:

MARC

LEADER 00000nab a2200000 ar4500
001 vtls008959222
003 SK-MaSNL
005 20260319071340.0
008 070117c20070113xo |||||||| 000 b|hun
015 |a SNBRB2007/01  |2 snkbucl 
038 |a SNKBUCL 
040 |a DSZK  |b slo  |c DSZK  |e AACR2 
041 0 |a hun 
044 |a xo  |c SK 
080 |a 82.09:821.111-31  |2 1997 
080 |a 821.111-31.09  |2 1997 
100 1 |a Benyovszky, Krisztián,  |d 1975-  |4 ivr  |4 aut  |9 103331 
245 1 0 |a "Barátja: Drakula"  |c Benyovszky Krisztián 
300 |b Fotogr. 
600 1 7 |a Stoker, Bram,  |d 1847-1912  |t Drakula  |2 snkbucl  |9 1069248 
655 7 |a kritika a interpretácie  |2 snkbucl  |9 360040 
655 7 |a rozhovory  |2 snkbucl  |9 31831 
773 0 |t Új szó  |g Évf. 60, sz. 10 (13.1.2007), o. 16 
773 0 8 |i Mell.:  |t Szalon  |g Évf. 1, sz. 1 (2007) 
852 |a SNK  |b KIS3GCP 
852 |a DSZK  |b KIS3GCP 
958 |a HU 
958 |a LX 
958 |a GB 
999 |c 1758092  |d 1760022